| 000 | 00897cam a22002773a 4500 | ||
|---|---|---|---|
| 001 | 40174 | ||
| 003 | PGUSA | ||
| 005 | 20140828083909.0 | ||
| 008 | 120709s2012||||xxu|||||s|||||000 | eng d | ||
| 040 |
_aPGUSA _beng |
||
| 042 | _adc | ||
| 050 | 4 | _aPR | |
| 100 | 1 |
_aShakespeare, William, _d1564-1616 |
|
| 245 | 1 | 0 |
_aKuningas Henrik Kuudes III _h[electronic resource] / _cWilliam Shakespeare |
| 260 |
_bProject Gutenberg, _c2012 |
||
| 506 | _aPublic domain in the USA. | ||
| 516 | _aElectronic text | ||
| 653 | _aHenry VI, King of England, 1421-1471 -- Drama | ||
| 653 | _aGreat Britain -- Kings and rulers -- Drama | ||
| 653 | _aGreat Britain -- History -- Henry VI, 1422-1461 -- Drama | ||
| 700 | 1 |
_aCajander, Paavo Emil, _d1846-1913 |
|
| 740 | 0 | _aKing Henry VI. Part 3. Finnish | |
| 830 | 0 |
_aProject Gutenberg _v40174 |
|
| 856 | 4 | 0 | _uhttp://www.gutenberg.org/ebooks/40174 |
| 942 | _cEB | ||
| 999 |
_c269427 _d269427 |
||